00870nam a22001457a 450000500170000000800410001702000180005805000250007610000030010124500700010426000420017430000290021650000500024550504290029520220218144515.0220218b ||||| |||| 00| 0 eng d a9781501140839 a HV6773.15.C97 K37   aDark territory : the secret history of cyber war / cFred Kaplan. a New York : bSimon & Schusterc2016. a ix, 338 pages ; c24 cm aIncludes bibliographical references and index aContent: "Could something like this really happen?" -- "It's all about the information" -- A cyber Pearl Harbor -- Eligible receiver -- Solar sunrise, moonlight maze -- The coordinator meets Mudge -- Deny, exploit, corrupt, destroy -- Tailored access -- Cyber wars -- Buckshot Yankee -- "The whole haystack" -- "Somebody has crossed the Rubicon" -- Shady RATs -- "The five guys report" -- "We're wandering in dark territory"